000 00265nam a2200097Ia 4500
001 676441
005 20250826160959.0
008 250824s9999 xx 000 0 und d
245 0 _aMEMLEKET ŞİİRLERİ ANTOLOJİSİ
_cBEKİR BİÇER
260 _bGENÇ TİMAŞ YAYINLARI
999 _c676441
_d676441